000 00603nam a2200217 a 4500
001 64483
003 BD-RjUL
005 20211209081320.0
008 170215s1967 e ||||| |||| 001 0 eng d
035 _a(BD-RjUL)64613
040 _aBD-RjUL
_beng
_cBD-RjUL
_dBD-RjUL
041 _aeng
082 _223
_a955.051
_bAVM 1967
100 _aAvery Peter
_9191297
245 1 0 _aModern Iran /
_cPeter Avery
260 _aNew York :
_bF.A. Praeger.
_cc1967
300 _axvi, 527. p, ;
_c24 cm.
500 _aInclude index
650 _aIran -- History -- Qajar dynasty, 1794-1925.
_9191298
942 _2ddc
_cBK
999 _c64483
_d64483